000 00985nam a22002537a 4500
003 OSt
005 20251029013131.0
008 251029b |||||||| |||| 00| 0 eng d
020 _a978-1-60623-032-9
040 _aDWCL-Admin lib
_cOC
082 _aCirc. 371.93 L265d 2009
100 _aLane, Kathleen Lynne
245 _aDeveloping schoolwide prgrams to prevent and manage problem behaviors: a step-by-step approach /
_cKathleen Lynne Lane
260 _a N.Y.:
_bThe Guilford Press,
_cc2009.
300 _a xii, 196 p. : ill. ;
_c27 cm.
504 _aIncludes bibliographical references and index.
650 _a1. Behavior disorders in children-United States-Prevention.
650 _a2. Problem children-Behavior modification-United States.
650 _a3. Problem children-Education-United States.
650 _a4. School improvement programs-United States.
700 _aKalberg, Jemma Robertson
700 _aMenzies, Holly Marieh
942 _2ddc
_cBK-CIRC
_kCirc.
_n0
999 _c5258
_d5258